[Event "DMP - II liga seniorow "]
[Site "Mrzezyno"]
[Date "2011.09.09"]
[Round "7.30"]
[White "Kaczorowska, Barbara"]
[Black "Deckert, Magdalena"]
[Result "1-0"]
[WhiteElo "2150"]
[BlackElo "1998"]
[PlyCount "95"]
[EventDate "2011.??.??"]

1. d4 d5 2. c4 dxc4 3. Nf3 Nf6 4. Nc3 e6 5. e3 c5 6. Bxc4 a6 7. O-O Nbd7 8. e4
Nb6 9. Bb3 Be7 10. Bg5 cxd4 11. Nxd4 O-O 12. e5 Nfd5 13. Bxe7 Qxe7 14. Ne4 Nd7
15. Nf3 Nb4 16. Re1 Nc6 17. Ng3 b6 18. Qd2 Bb7 19. Qf4 Rfd8 20. Nh5 Nf8 21.
Nf6+ gxf6 22. exf6 Ng6 23. fxe7 Nxf4 24. exd8=Q+ Rxd8 25. Rad1 Kf8 26. Bc2 h6
27. Rxd8+ Nxd8 28. Be4 Ke7 29. g3 Bxe4 30. Rxe4 Nd3 31. Rh4 Nxb2 32. Rb4 Nd3
33. Rxb6 Nc5 34. Nd4 Kd7 35. Nb3 Ndb7 36. Nxc5+ Nxc5 37. Rb4 Kc6 38. Rh4 Kb5
39. Rxh6 Ka4 40. h4 Ka3 41. Rf6 a5 42. h5 Kxa2 43. h6 Nd7 44. Rxf7 Ne5 45. Ra7
Ng6 46. Rxa5+ Kb2 47. Rg5 Nh8 48. h7 1-0

[Event "DMP - II liga seniorow "]
[Site "Mrzezyno"]
[Date "2011.09.09"]
[Round "7.31"]
[White "Kalvaitis, Sigitas"]
[Black "Sopur, Lech"]
[Result "0-1"]
[WhiteElo "2273"]
[BlackElo "2422"]
[PlyCount "64"]
[EventDate "2011.??.??"]

1. e4 g6 2. d4 c6 3. Nc3 d6 4. a4 Bg7 5. h3 d5 6. Nf3 Nh6 7. Be2 O-O 8. O-O f6
9. Bf4 Nf7 10. Bg3 e6 11. Re1 Nd7 12. exd5 exd5 13. Bf1 f5 14. a5 g5 15. Bh2 f4
16. g3 Qf6 17. gxf4 gxf4 18. Kh1 a6 19. b4 Kh8 20. Qd2 Nd6 21. Ne5 Qh4 22. Rad1
Nf6 23. Qxf4 Ng4 24. Bg3 Rxf4 25. Bxh4 Nxe5 26. dxe5 Rxh4 27. exd6 Bxh3 28.
Bxh3 Rxh3+ 29. Kg2 Rxc3 30. d7 Rg8 31. Re8 Bf6+ 32. Kh1 Rc4 0-1

[Event "DMP - II liga seniorow "]
[Site "Mrzezyno"]
[Date "2011.09.09"]
[Round "7.32"]
[White "Rawski, Slawomir"]
[Black "Czyz, Artur"]
[Result "1-0"]
[WhiteElo "2205"]
[BlackElo "2075"]
[PlyCount "117"]
[EventDate "2011.??.??"]

1. d4 Nf6 2. Nf3 g6 3. c4 Bg7 4. Nc3 O-O 5. e4 d6 6. Be2 e5 7. dxe5 dxe5 8.
Qxd8 Rxd8 9. Bg5 Nbd7 10. O-O-O Rf8 11. Nd2 c6 12. Be3 Re8 13. c5 Bf8 14. Nb3
Bg7 15. f3 Nf8 16. Na5 Ne6 17. Rhe1 Nd4 18. Bf1 Nd7 19. b4 b6 20. Nb3 Nxb3+ 21.
axb3 bxc5 22. bxc5 Rb8 23. Kc2 Bf8 24. Na4 Be7 25. Rd2 Nf8 26. Bc4 Ne6 27. Red1
Bf8 28. Kc3 Be7 29. g4 Kg7 30. Kc2 Kg8 31. Rh1 Rd8 32. Rxd8+ Bxd8 33. Nb2 Ng5
34. Nd3 Nxf3 35. Rf1 Bxg4 36. h3 Bh5 37. Bxf7+ Kg7 38. Be6 Rb7 39. Bg4 Bxg4 40.
hxg4 Nd4+ 41. Bxd4 exd4 42. Ra1 a5 43. Ra4 h5 44. gxh5 gxh5 45. Rxd4 Be7 46.
Ra4 Rb5 47. Kc3 Bxc5 48. Rc4 Bb4+ 49. Kd4 Be7 50. Rxc6 Rxb3 51. Rc7 Kf8 52. Nf4
Rb4+ 53. Kd5 Rb5+ 54. Ke6 Rb6+ 55. Kf5 Rb5+ 56. Nd5 Bd6 57. Rh7 a4 58. Ke6 Bc5
59. Rf7+ 1-0

[Event "DMP - II liga seniorow "]
[Site "Mrzezyno"]
[Date "2011.09.09"]
[Round "7.34"]
[White "Zdrojewski, Wojciech"]
[Black "Jagodzinski, Piotr"]
[Result "1-0"]
[WhiteElo "2176"]
[BlackElo "2162"]
[PlyCount "79"]
[EventDate "2011.??.??"]

1. d4 Nf6 2. Nf3 d5 3. Bg5 Ne4 4. Bf4 c5 5. e3 Qb6 6. Qc1 Nc6 7. c3 Bg4 8. Nbd2
cxd4 9. exd4 Rc8 10. Nxe4 dxe4 11. Ne5 Nxe5 12. Bxe5 f6 13. Bf4 e6 14. Qd2 Be7
15. Be2 Bf5 16. O-O O-O 17. Be3 Rfd8 18. Rad1 Bg6 19. f3 e5 20. fxe4 Bxe4 21.
Bg4 exd4 22. Bxd4 Rxd4 23. Qxd4 Bc5 24. Bxc8 Qxb2 25. Be6+ Kh8 26. Rf2 Bxd4 27.
cxd4 Qa3 28. d5 Qd6 29. Bf5 Bxf5 30. Rxf5 Kg8 31. Rf2 Kf7 32. Rb2 f5 33. Rxb7+
Kg6 34. Rb3 f4 35. Kh1 Kf5 36. Rc3 Kg4 37. Rc6 Qa3 38. Rc2 Qe3 39. d6 f3 40. d7
1-0

[Event "DMP - II liga seniorow "]
[Site "Mrzezyno"]
[Date "2011.09.09"]
[Round "7.35"]
[White "Czachor, Radoslaw"]
[Black "Walkusz, Miroslaw"]
[Result "1-0"]
[WhiteElo "2053"]
[BlackElo "1954"]
[PlyCount "57"]
[EventDate "2011.??.??"]

1. e4 Nf6 2. e5 Nd5 3. c4 Nb6 4. c5 Nd5 5. Nc3 Nxc3 6. dxc3 d6 7. cxd6 exd6 8.
Bf4 Qe7 9. Qe2 dxe5 10. Bxe5 c6 11. O-O-O f6 12. Bg3 Qxe2 13. Nxe2 Be6 14. Nd4
Bf7 15. Bd3 Bc5 16. Nf5 O-O 17. Rhe1 a5 18. Re4 b5 19. Ne7+ Bxe7 20. Rxe7 Na6
21. Be4 Rac8 22. Bd6 Rfe8 23. Bxh7+ Kxh7 24. Rxf7 c5 25. Ra7 Rc6 26. Bg3 c4 27.
Rdd7 Rg8 28. Rd6 Rgc8 29. Rxa6 1-0

[Event "DMP - II liga seniorow "]
[Site "Mrzezyno"]
[Date "2011.09.09"]
[Round "7.36"]
[White "Maszota, Natalia"]
[Black "Hermanowicz, Dominika"]
[Result "1/2-1/2"]
[WhiteElo "2112"]
[BlackElo "2088"]
[PlyCount "72"]
[EventDate "2011.??.??"]

1. e4 Nc6 2. Nf3 e6 3. d4 d5 4. e5 Nge7 5. c3 Nf5 6. Bd3 Be7 7. O-O Bd7 8. Nbd2
O-O 9. Re1 Nb8 10. Nf1 c5 11. Bxf5 exf5 12. dxc5 Bxc5 13. Qxd5 Qb6 14. Qd2 a5
15. Ne3 Be6 16. Ng5 Nc6 17. Nxe6 fxe6 18. Nc4 Qa6 19. Qe2 f4 20. b3 Rf5 21. a4
b5 22. axb5 Qxb5 23. b4 Be7 24. Nxa5 Qxe2 25. Rxe2 Nxe5 26. Bxf4 Nc4 27. Bd2
Bf6 28. Be1 Nxa5 29. Rxa5 Raxa5 30. bxa5 Rxa5 31. Rxe6 Ra1 32. c4 Bc3 33. Kf1
Rc1 34. c5 Kf7 35. Re3 Bxe1 36. Rxe1 Rxc5 1/2-1/2

[Event "DMP - II liga seniorow "]
[Site "Mrzezyno"]
[Date "2011.09.09"]
[Round "7.37"]
[White "Wisniewski, Adrian"]
[Black "Flis, Jacek"]
[Result "1-0"]
[WhiteElo "2373"]
[BlackElo "2302"]
[PlyCount "59"]
[EventDate "2011.??.??"]

1. Nf3 Nf6 2. g3 g6 3. Bg2 Bg7 4. d4 d6 5. O-O O-O 6. c4 Nbd7 7. Nc3 e5 8. e4
c6 9. h3 Qb6 10. c5 dxc5 11. dxe5 Ne8 12. Bg5 Nc7 13. Qd2 Re8 14. Rac1 Na6 15.
Bh6 Nxe5 16. Nxe5 Bxe5 17. f4 Bd4+ 18. Kh2 Be6 19. f5 Bc4 20. Rf3 f6 21. fxg6
hxg6 22. b3 Bf7 23. Ne2 Be5 24. Bf4 Rad8 25. Qe3 Bd4 26. Nxd4 cxd4 27. Qf2 Re6
28. Bg5 d3 29. Be3 Qc7 30. Rxf6 1-0

[Event "DMP - II liga seniorow "]
[Site "Mrzezyno"]
[Date "2011.09.09"]
[Round "7.38"]
[White "Ciesla, Adam"]
[Black "Tymrakiewicz, Rafal"]
[Result "1-0"]
[WhiteElo "2313"]
[BlackElo "2322"]
[PlyCount "76"]
[EventDate "2011.??.??"]

1. e4 Nf6 2. Nc3 d5 3. e5 Ne4 4. Nce2 f6 5. d3 Ng5 6. f4 Nf7 7. d4 c5 8. c3
cxd4 9. cxd4 Nc6 10. h3 Qb6 11. Nf3 Bf5 12. Nc3 e6 13. a3 fxe5 14. fxe5 Be7 15.
Be2 O-O 16. b4 Rac8 17. Na4 Qd8 18. O-O Ncxe5 19. dxe5 Bc2 20. Qd4 Bxa4 21.
Qxa7 Bc6 22. Be3 Ra8 23. Qd4 Bd7 24. Rfc1 Qe8 25. Rc3 Bb5 26. Bxb5 Qxb5 27.
Rac1 Nd8 28. Qg4 Qe2 29. Bh6 Rf7 30. Rc8 Rxc8 31. Rxc8 Qe4 32. Bg5 Rxf3 33.
Qxe4 dxe4 34. Bxe7 Rxa3 35. Bxd8 e3 36. Kf1 Ra1+ 37. Ke2 Ra2+ 38. Kxe3 Rxg2 1-0

[Event "DMP - II liga seniorow "]
[Site "Mrzezyno"]
[Date "2011.09.09"]
[Round "7.41"]
[White "Chojnacki, Slawomir"]
[Black "Paszewski, Mateusz"]
[Result "0-1"]
[WhiteElo "2237"]
[BlackElo "1919"]
[PlyCount "61"]
[EventDate "2011.??.??"]

1. d4 e6 2. Nf3 f5 3. Bg5 Nf6 4. Nbd2 Be7 5. Bxf6 Bxf6 6. e4 fxe4 7. Nxe4 d6 8.
Bd3 Nd7 9. Qe2 Nf8 10. O-O-O Bd7 11. Rhe1 Qe7 12. Nxf6+ gxf6 13. Qe4 O-O-O 14.
d5 e5 15. Qb4 Qf7 16. Bc4 Kb8 17. Re3 Bc8 18. Ra3 Nd7 19. Qa5 a6 20. Qb4 Nb6
21. Nd2 Rhg8 22. Nb3 Nxc4 23. Qxc4 Rg4 24. Qf1 b6 25. Rd3 Bb7 26. Nd2 Bxd5 27.
Rxa6 Bc4 28. Nxc4 Qxc4 29. Raa3 e4 30. Ra8+ Kb7 31. Ra7+ 0-1

[Event "DMP - II liga seniorow "]
[Site "Mrzezyno"]
[Date "2011.09.09"]
[Round "7.43"]
[White "Plonczak, Dominik"]
[Black "Wojciechowski, Piotr"]
[Result "0-1"]
[WhiteElo "2160"]
[BlackElo "2295"]
[PlyCount "74"]
[EventDate "2011.??.??"]

1. Nf3 Nf6 2. g3 d5 3. Bg2 c6 4. O-O Bg4 5. d3 Nbd7 6. c4 e6 7. b3 Bd6 8. Bb2
Qc7 9. Nbd2 O-O 10. Qc2 Rad8 11. a3 Qb8 12. b4 Rfe8 13. Rfe1 e5 14. h3 Bh5 15.
cxd5 cxd5 16. e4 Bg6 17. Nh4 d4 18. Qb3 b5 19. Nxg6 hxg6 20. h4 Rc8 21. Bh3 Rc7
22. Nf3 Nb6 23. Rac1 Ree7 24. Ng5 Nh7 25. Rxc7 Rxc7 26. Rc1 Nxg5 27. hxg5 Be7
28. f4 exf4 29. gxf4 Rxc1+ 30. Bxc1 Bxg5 31. e5 Be7 32. e6 f5 33. Bg2 Qd6 34.
Qa2 Kf8 35. Qe2 Bf6 36. Bb7 Ke7 37. Kf2 Qc7 0-1

[Event "DMP - II liga seniorow "]
[Site "Mrzezyno"]
[Date "2011.09.09"]
[Round "7.44"]
[White "Wandzik, Wojciech"]
[Black "Bartkowiak, Damian"]
[Result "1-0"]
[WhiteElo "2244"]
[BlackElo "2119"]
[PlyCount "79"]
[EventDate "2011.??.??"]

1. e4 c6 2. d4 d5 3. Nc3 dxe4 4. Nxe4 Bf5 5. Ng3 Bg6 6. h4 h6 7. Nh3 Nf6 8. Nf4
Bh7 9. Bc4 e6 10. Ngh5 Nbd7 11. c3 Nxh5 12. Nxh5 Nf6 13. Bf4 Rg8 14. Nxf6+ gxf6
15. Qf3 Bf5 16. a4 a5 17. O-O Bd6 18. Rfe1 Bg4 19. Qg3 Bxf4 20. Qxf4 Bh3 21.
Kh2 Bg4 22. f3 Bh5 23. g4 Bg6 24. h5 Bh7 25. Qxh6 Rh8 26. Kh3 Qe7 27. d5 cxd5
28. Bb5+ Kd8 29. Rad1 Kc7 30. Rxd5 Rad8 31. Rxd8 Qxd8 32. Qf4+ e5 33. Qe3 Qd6
34. c4 Rg8 35. c5 Qe6 36. Rd1 Rg5 37. Rd7+ Kc8 38. c6 bxc6 39. Ra7 cxb5 40.
Qc5+ 1-0

[Event "DMP - II liga seniorow "]
[Site "Mrzezyno"]
[Date "2011.09.??"]
[Round "7.45"]
[White "Przybylski, Bartosz"]
[Black "Flasinski, Michal"]
[Result "0-1"]
[WhiteElo "2099"]
[BlackElo "2235"]
[PlyCount "94"]
[EventDate "2011.??.??"]

1. e4 c6 2. d4 d5 3. Nc3 dxe4 4. Nxe4 Bf5 5. Ng3 Bg6 6. h4 h6 7. Nh3 Nf6 8. Nf4
Bh7 9. Bc4 e6 10. Ngh5 Nbd7 11. Qe2 Nxh5 12. Nxh5 Nb6 13. c3 Nxc4 14. Qxc4 Qa5
15. Qe2 O-O-O 16. Bf4 Bg6 17. Ng3 Rxd4 18. b4 Bxb4 19. cxb4 Qxb4+ 20. Bd2 Qb2
21. Rd1 Rhd8 22. Qe3 Rd3 23. Qe2 R3d5 24. f3 Bd3 25. Qe3 Bc2 26. Rc1 Rxd2 27.
Qxd2 Rxd2 28. Kxd2 Bg6+ 29. Ke3 Qe5+ 30. Kf2 Qd4+ 31. Ke1 Qe3+ 32. Kd1 Qf2 33.
Ne2 Qxg2 34. Rg1 Qxf3 35. Rg3 Qd5+ 36. Ke1 Qxa2 37. Rgc3 Qd5 38. Kf2 e5 39. Rg1
b5 40. Rgc1 Kb7 41. Ng3 f5 42. Rc5 Qd4+ 43. Kg2 f4 44. h5 fxg3 45. hxg6 Qf2+
46. Kh3 Qh2+ 47. Kg4 g2 0-1

[Event "DMP - II liga seniorow "]
[Site "Mrzezyno"]
[Date "2011.09.09"]
[Round "7.46"]
[White "Dudys, Jakub"]
[Black "Duszczak, Dariusz"]
[Result "1-0"]
[WhiteElo "2185"]
[BlackElo "2039"]
[PlyCount "70"]
[EventDate "2011.??.??"]

1. e4 c5 2. Nf3 e6 3. c4 Nc6 4. Nc3 Nf6 5. Be2 Qb6 6. O-O Be7 7. Rb1 O-O 8. d3
d6 9. a3 a5 10. Be3 Nd4 11. b4 Nxf3+ 12. Bxf3 Qc7 13. Nb5 Qb8 14. e5 dxe5 15.
bxc5 Ra6 16. Nc3 Qc7 17. Rb5 Nd7 18. Na4 f5 19. Qb3 f4 20. Bd2 Nxc5 21. Nxc5
Bxc5 22. Bxb7 Ra7 23. Bxc8 Rxc8 24. Re1 Rf8 25. Bc3 f3 26. Bxe5 Bxf2+ 27. Kxf2
fxg2+ 28. Kxg2 Qf7 29. Qc2 Qf3+ 30. Kg1 Raf7 31. Qe2 Qh3 32. Bg3 Rf6 33. Rh5
Rf1+ 34. Rxf1 Rxf1+ 35. Qxf1 Qxh5 1-0

[Event "DMP - II liga seniorow "]
[Site "Mrzezyno"]
[Date "2011.09.09"]
[Round "7.48"]
[White "Krasnodebska, Magdalena"]
[Black "Huchwajda, Katarzyna"]
[Result "1-0"]
[WhiteElo "2021"]
[BlackElo "1854"]
[PlyCount "120"]
[EventDate "2011.??.??"]

1. e4 c5 2. Nf3 e6 3. d4 cxd4 4. Nxd4 Nf6 5. Nc3 Nc6 6. Ndb5 Bb4 7. a3 Bxc3+ 8.
Nxc3 h6 9. Qd6 Qa5 10. Bd2 Qe5 11. Bf4 Qxd6 12. Bxd6 a6 13. O-O-O Ng4 14. Rd2
b5 15. h3 Nge5 16. f4 Ng6 17. g4 Bb7 18. h4 f6 19. Bg2 Na5 20. b3 Rc8 21. Kb2
Bc6 22. h5 Ne7 23. e5 Bxg2 24. Rxg2 Nb7 25. Ne4 Kf7 26. Rhg1 Nd5 27. g5 hxg5
28. exf6 Nxf6 29. Nxg5+ Ke8 30. Be5 Ke7 31. Ne4 Nxh5 32. Bxg7 Rh7 33. Be5 d6
34. Bc3 Rf7 35. Rd2 Nxf4 36. Ng5 Rf5 37. Rh1 Rxg5 38. Rh7+ Ke8 39. Rxb7 Nd5 40.
Rh2 Rg8 41. Bd2 Rf8 42. Ra7 Nf6 43. Bg5 Nd5 44. Rxa6 Rg8 45. Bd2 Rd8 46. Ba5
Rc8 47. Rxd6 Kf7 48. Rd7+ Kf6 49. Be1 Ne3 50. Bc3+ Kf5 51. Rh5+ Kg4 52. Re5 Nd5
53. Be1 Rg6 54. Rb7 Kf4 55. Re2 Nc7 56. Ba5 Rg7 57. Bxc7+ Rgxc7 58. Rxb5 Rc6
59. c4 Kf3 60. Rbe5 Re8 1-0

[Event "DMP - II liga seniorow "]
[Site "Mrzezyno"]
[Date "2011.09.09"]
[Round "7"]
[White "Sakalauskas, Vaidas"]
[Black "Banasik, Krzysztof"]
[Result "1/2-1/2"]
[WhiteElo "2410"]
[BlackElo "2241"]
[PlyCount "60"]
[EventDate "2011.??.??"]

1. d4 Nf6 2. c4 e6 3. Nc3 Bb4 4. Qc2 O-O 5. a3 Bxc3+ 6. Qxc3 b6 7. Bg5 Bb7 8.
e3 d6 9. f3 Nbd7 10. Nh3 h6 11. Bh4 Rc8 12. Be2 Ne4 13. Bxd8 Nxc3 14. Bxc7 Rxc7
15. bxc3 Ba6 16. Nf4 Bxc4 17. Bxc4 Rxc4 18. Ne2 b5 19. Kd2 Nb6 20. Rhb1 a6 21.
Rb4 Rfc8 22. e4 Kf8 23. Rab1 Ke7 24. Kd3 R4c7 25. Rc1 Kd7 26. Rc2 g6 27. Rc1
Ke7 28. Rc2 Kd7 29. Rc1 Ke7 30. Rc2 Kd7 1/2-1/2

[Event "DMP - II liga seniorow "]
[Site "Mrzezyno"]
[Date "2011.09.09"]
[Round "7"]
[White "Tustanowski, Robert"]
[Black "Bardeli, Lukasz"]
[Result "1/2-1/2"]
[WhiteElo "2274"]
[BlackElo "2295"]
[PlyCount "55"]
[EventDate "2011.??.??"]

1. e4 c5 2. Nf3 Nc6 3. Bb5 g6 4. Bxc6 dxc6 5. d3 Bg7 6. O-O Nf6 7. h3 Nd7 8.
Nc3 e5 9. Be3 Qe7 10. Nh2 Nf8 11. f4 exf4 12. Rxf4 Ne6 13. Rf2 Nd4 14. Qd2 h6
15. Raf1 Be6 16. Ne2 Nxe2+ 17. Rxe2 O-O-O 18. b3 b6 19. Ng4 Bxg4 20. hxg4 h5
21. g5 h4 22. Ref2 Rdf8 23. Rf3 Be5 24. Bf4 Bd4+ 25. Kh1 Qe6 26. Be3 Be5 27.
Bf4 Bd4 28. Be3 1/2-1/2

[Event "DMP - II liga seniorow "]
[Site "Mrzezyno"]
[Date "2011.09.09"]
[Round "7"]
[White "Buksa, Ewelina"]
[Black "Golek, Jagoda"]
[Result "0-1"]
[WhiteElo "1562"]
[BlackElo "2066"]
[PlyCount "104"]
[EventDate "2011.??.??"]

1. e4 c5 2. Nf3 e6 3. d4 cxd4 4. Nxd4 a6 5. a4 Nf6 6. Bd3 Qc7 7. O-O d6 8. Nc3
b6 9. Kh1 Nbd7 10. f4 Bb7 11. Qe2 Be7 12. Bd2 g6 13. Rae1 Nc5 14. f5 gxf5 15.
exf5 Rg8 16. Rg1 e5 17. Nb3 Ncd7 18. Qf2 Ng4 19. Qf1 d5 20. h3 Ngf6 21. Qf2 h5
22. Bc1 Bd6 23. Bf4 O-O-O 24. Bh2 Kb8 25. Qf1 Ka7 26. Qf2 Rc8 27. a5 d4 28.
axb6+ Nxb6 29. Ne4 Nxe4 30. Bxe4 Bxe4 31. Rxe4 f6 32. Re2 Rg5 33. Rf1 Rcg8 34.
Qe1 Nd5 35. Nd2 Ne3 36. Rff2 Qc6 37. Nf3 Rxg2 38. Rxg2 Qxf3 39. Qg1 Rxg2 40.
Rxg2 Nxg2 41. Qxg2 Qxf5 42. Bg1 Qd7 43. Bf2 Qb7 44. b3 f5 45. Kg1 Qxg2+ 46.
Kxg2 Kb7 47. Kg3 Be7 48. Kf3 Kc6 49. Be1 Kd5 50. c3 e4+ 51. Kf4 e3 52. Kxf5 e2
0-1

[Event "DMP - II liga seniorow "]
[Site "Mrzezyno"]
[Date "2011.09.09"]
[Round "7"]
[White "Bokiej, Przemyslaw"]
[Black "Zwolakiewicz, Krzysztof"]
[Result "1-0"]
[WhiteElo "2125"]
[BlackElo "2119"]
[PlyCount "53"]
[EventDate "2011.??.??"]

1. e4 c5 2. Nf3 e6 3. d3 Nc6 4. g3 Bd6 5. Bg2 Bc7 6. Be3 d6 7. O-O Nf6 8. h3
O-O 9. Nc3 a6 10. a4 Re8 11. Nd2 Nd4 12. Ne2 Bb6 13. c3 Nxe2+ 14. Qxe2 d5 15.
Bg5 h6 16. Bxf6 gxf6 17. exd5 exd5 18. Qh5 Kg7 19. Bxd5 Qd7 20. Rae1 Rf8 21.
Nc4 Bc7 22. Kg2 Rb8 23. a5 Rd8 24. Ne3 b6 25. Nf5+ Qxf5 26. Qxf7+ Kh8 27. Re8+
1-0

[Event "DMP - II liga seniorow "]
[Site "Mrzezyno"]
[Date "2011.09.09"]
[Round "7"]
[White "Krainski, Slawomir"]
[Black "Mazalon, Mariusz"]
[Result "1-0"]
[WhiteElo "2092"]
[BlackElo "2023"]
[PlyCount "53"]
[EventDate "2011.??.??"]

1. e4 c5 2. c3 d5 3. exd5 Qxd5 4. d4 g6 5. Nf3 Bg7 6. Na3 cxd4 7. Bc4 Qe4+ 8.
Be3 Nh6 9. cxd4 O-O 10. Qb3 Nc6 11. Bd3 Qg4 12. h3 Qxg2 13. Ke2 Nf5 14. Bxf5
Bxf5 15. Rag1 Qxh1 16. Rxh1 Be4 17. Rd1 e6 18. Nb5 Rfd8 19. Nc3 Bxf3+ 20. Kxf3
Nxd4+ 21. Bxd4 Bxd4 22. Qxb7 e5 23. Ne4 Rab8 24. Qe7 Kg7 25. Ng5 Rf8 26. Ne6+
Kg8 27. Nxf8 1-0

[Event "DMP - II liga seniorow "]
[Site "Mrzezyno"]
[Date "2011.09.09"]
[Round "7"]
[White "Mulet, Piotr"]
[Black "Jasnikowski, Zbigniew"]
[Result "1/2-1/2"]
[WhiteElo "2284"]
[BlackElo "2376"]
[PlyCount "55"]
[EventDate "2011.??.??"]

1. e4 c5 2. c3 Nf6 3. e5 Nd5 4. Nf3 d6 5. d4 cxd4 6. cxd4 Nc6 7. Bc4 Nb6 8. Bb5
dxe5 9. Nxe5 Bd7 10. Nxd7 Qxd7 11. O-O e6 12. Qg4 a6 13. Bxc6 Qxc6 14. Nc3 Nd5
15. Re1 Nxc3 16. bxc3 g6 17. d5 Qxd5 18. c4 Qf5 19. Qd4 f6 20. g4 Bc5 21. gxf5
Bxd4 22. Rxe6+ Kd7 23. Rb1 gxf5 24. Re2 Kc6 25. Re6+ Kd7 26. Re2 Kc6 27. Re6+
Kd7 28. Re2 1/2-1/2

[Event "DMP - II liga seniorow "]
[Site "Mrzezyno"]
[Date "2011.09.09"]
[Round "7"]
[White "Borkowski, Franciszek"]
[Black "Kubit, Tomasz"]
[Result "1-0"]
[WhiteElo "2325"]
[BlackElo "2178"]
[PlyCount "51"]
[EventDate "2011.??.??"]

1. e4 d6 2. d4 Nf6 3. Nc3 c6 4. f4 Qb6 5. e5 Nd5 6. Nxd5 cxd5 7. Bd3 Nc6 8. c3
g6 9. Qf3 e6 10. Ne2 Bd7 11. b4 Be7 12. a4 O-O 13. h4 dxe5 14. fxe5 f6 15. Qg3
fxe5 16. Bxg6 Kh8 17. b5 hxg6 18. bxc6 Qxc6 19. Bg5 Bxg5 20. hxg5+ Kg8 21. Qxe5
Kf7 22. Kd2 Ke8 23. Rh8 Rc8 24. Rxf8+ Kxf8 25. Qf6+ Ke8 26. Rh1 1-0

[Event "DMP - II liga seniorow "]
[Site "Mrzezyno"]
[Date "2011.09.09"]
[Round "7"]
[White "Diczew, Filip"]
[Black "Zyla, Janusz"]
[Result "1/2-1/2"]
[WhiteElo "2158"]
[BlackElo "2208"]
[PlyCount "79"]
[EventDate "2011.??.??"]

1. e4 e5 2. Bc4 Nf6 3. Qe2 Nc6 4. c3 Bc5 5. Nf3 O-O 6. d3 a6 7. Bb3 h6 8. Nbd2
d5 9. h3 dxe4 10. dxe4 Nh5 11. Nc4 Qf6 12. g3 Rd8 13. Be3 Bf8 14. Bd2 Be6 15.
Ne3 Bxb3 16. axb3 Qe6 17. Nd5 Rd7 18. Nh4 Nf6 19. Nxf6+ Qxf6 20. Be3 Rad8 21.
Qg4 g6 22. Ng2 h5 23. Qe2 Be7 24. g4 hxg4 25. hxg4 Qe6 26. Qf3 Qxb3 27. Qh3
Rd1+ 28. Ke2 Qc4+ 29. Kf3 Rxh1 30. Rxh1 Bf6 31. Bg5 Qe6 32. Ne3 Ne7 33. Qh4 Rd6
34. Qh7+ Kf8 35. Bh6+ Ke8 36. g5 Rd2 37. Ng4 Rd3+ 38. Ne3 Rd2 39. Ng4 Rd3+ 40.
Ne3 1/2-1/2

[Event "DMP - II liga seniorow "]
[Site "Mrzezyno"]
[Date "2011.09.09"]
[Round "7"]
[White "Barburzynska, Magdalena"]
[Black "Gorczyca, Dominika"]
[Result "1-0"]
[WhiteElo "1932"]
[BlackElo "1925"]
[PlyCount "87"]
[EventDate "2011.??.??"]

1. e4 c5 2. Nf3 Nc6 3. d4 cxd4 4. Nxd4 Nf6 5. Nc3 e6 6. Ndb5 Bb4 7. a3 Bxc3+ 8.
Nxc3 d5 9. exd5 exd5 10. Bd3 Be6 11. O-O O-O 12. Bg5 Ne5 13. Re1 Ng6 14. Qf3
Rc8 15. h4 Rc6 16. h5 Nh8 17. Bxf6 Qxf6 18. Qxf6 gxf6 19. Re3 Kg7 20. Rg3+ Kh6
21. Ne2 Bc8 22. Nf4 Rd6 23. Re1 Be6 24. Rge3 Re8 25. Bf5 Red8 26. Nxe6 fxe6 27.
Rxe6 Kxh5 28. Rxd6 Rxd6 29. Re7 Ng6 30. Rxh7+ Kg5 31. Bxg6 Kxg6 32. Rxb7 a6 33.
Kf1 Kf5 34. Ke2 Ke4 35. Rb4+ d4 36. c3 f5 37. Rxd4+ Rxd4 38. cxd4 Kxd4 39. Kd2
Kc4 40. g3 Kb3 41. f3 a5 42. g4 fxg4 43. fxg4 a4 44. g5 1-0

[Event "DMP - II liga seniorow "]
[Site "Mrzezyno"]
[Date "2011.09.09"]
[Round "7"]
[White "Meczynski, Waldemar"]
[Black "Urbanski, Grzegorz"]
[Result "1/2-1/2"]
[WhiteElo "2132"]
[BlackElo "2177"]
[PlyCount "78"]
[EventDate "2011.??.??"]

1. e4 c5 2. b4 b6 3. bxc5 bxc5 4. Bc4 Nc6 5. Nf3 e6 6. O-O Nf6 7. Re1 d6 8. Bb2
Rb8 9. Bc3 e5 10. d3 g6 11. Nbd2 Bh6 12. Nf1 O-O 13. Ne3 Be6 14. Bxe6 fxe6 15.
Nc4 Nh5 16. g3 Rb7 17. Rf1 Rbf7 18. Ne1 d5 19. Nxe5 Nxe5 20. Bxe5 Be3 21. Qg4
Qb6 22. Ng2 Bxf2+ 23. Kh1 dxe4 24. Qxe4 Nf6 25. Bxf6 Rxf6 26. Nf4 Bd4 27. Rab1
Qa5 28. Rfe1 Qxa2 29. c4 Bc3 30. Rec1 e5 31. Nh3 R6f7 32. Qd5 Kg7 33. Qxc5 Bd4
34. Qd5 Qe2 35. Nf4 exf4 36. Qxd4+ Kh6 37. Qe4 Qxe4+ 38. dxe4 fxg3 39. hxg3 Rf2
1/2-1/2

[Event "DMP - II liga seniorow "]
[Site "Mrzezyno"]
[Date "2011.09.09"]
[Round "7"]
[White "Swiatnicki, Andrzej"]
[Black "Fudalej, Grzegorz"]
[Result "1-0"]
[WhiteElo "2104"]
[BlackElo "2147"]
[PlyCount "23"]
[EventDate "2011.??.??"]

1. e4 c6 2. d4 d5 3. f3 dxe4 4. fxe4 e5 5. Nf3 exd4 6. Bc4 Be6 7. Bxe6 fxe6 8.
O-O Nf6 9. e5 Ng4 10. Ng5 Ne3 11. Bxe3 dxe3 12. Qxd8+ 1-0

[Event "DMP - II liga seniorow "]
[Site "Mrzezyno"]
[Date "2011.09.09"]
[Round "7"]
[White "Gomulka, Jaroslaw"]
[Black "Robak, Zbigniew"]
[Result "0-1"]
[WhiteElo "2105"]
[BlackElo "2245"]
[PlyCount "56"]
[EventDate "2011.??.??"]

1. c4 e6 2. d4 d5 3. Nc3 c6 4. Nf3 Nf6 5. Bg5 dxc4 6. e3 b5 7. Be2 Bb7 8. O-O
Be7 9. Ne5 Nbd7 10. f4 O-O 11. Qe1 Nd5 12. Bxe7 Qxe7 13. Bf3 N7b6 14. Bxd5 exd5
15. f5 f6 16. Qh4 Qe8 17. Ng4 h5 18. Nf2 Qxe3 19. Qxh5 Rae8 20. Kh1 b4 21. Ng4
Qg5 22. Qxg5 fxg5 23. Nd1 Rxf5 24. Nde3 Rf4 25. h3 Bc8 26. Rxf4 gxf4 27. Nc2
Bxg4 28. hxg4 a5 0-1

[Event "DMP - II liga seniorow "]
[Site "Mrzezyno"]
[Date "2011.09.09"]
[Round "7"]
[White "Jagodzinski, Waldemar"]
[Black "Lercel, Michal"]
[Result "0-1"]
[WhiteElo "2029"]
[BlackElo "2184"]
[PlyCount "64"]
[EventDate "2011.??.??"]

1. d4 Nf6 2. Nf3 e6 3. c4 b6 4. a3 Bb7 5. Nc3 d5 6. Bg5 Be7 7. e3 O-O 8. Bd3
dxc4 9. Bxc4 c5 10. dxc5 Bxc5 11. O-O Nbd7 12. Qe2 h6 13. Bh4 g5 14. Bg3 Nh5
15. Rfd1 Nxg3 16. hxg3 Qe7 17. Nb5 a5 18. e4 Nf6 19. Nc3 Rfd8 20. e5 Ng4 21.
Rxd8+ Rxd8 22. Rf1 Qc7 23. Ne4 Bxe4 24. Qxe4 Nxf2 25. Rxf2 Rd1+ 26. Bf1 Bxf2+
27. Kxf2 Qc5+ 28. Ke2 Qc1 29. Qa4 Rxf1 30. Qe8+ Kg7 31. Qe7 Qc4+ 32. Ke3 Qc5+
0-1

[Event "DMP - II liga seniorow "]
[Site "Mrzezyno"]
[Date "2011.09.09"]
[Round "7"]
[White "Stepien, Marcin"]
[Black "Katafiasz, Tomasz"]
[Result "1-0"]
[WhiteElo "2132"]
[BlackElo "1905"]
[PlyCount "67"]
[EventDate "2011.??.??"]

1. e4 c5 2. Nc3 Nc6 3. Bb5 Nd4 4. Bc4 e6 5. Nf3 Qc7 6. O-O a6 7. a4 Nf6 8. d3
Be7 9. h3 Nxf3+ 10. Qxf3 d6 11. Qg3 Bd7 12. f4 Nh5 13. Qf3 g6 14. g4 Ng7 15. f5
Bf6 16. fxg6 Bd4+ 17. Kg2 f5 18. gxf5 Nxf5 19. exf5 Bc6 20. Ne4 d5 21. fxe6
O-O-O 22. Qg4 h5 23. Qf5 Qe7 24. Bg5 Qe8 25. e7+ Rd7 26. Nd6+ Kb8 27. Nxe8
dxc4+ 28. Kh2 Rxe8 29. Rae1 Rd5 30. Bf4+ Ka7 31. Qf7 cxd3 32. cxd3 Bxb2 33. g7
Rxd3 34. g8=Q 1-0

[Event "DMP - II liga seniorow "]
[Site "Mrzezyno"]
[Date "2011.09.09"]
[Round "7"]
[White "Zareba, Radoslaw"]
[Black "Sniadecki, Jerzy"]
[Result "1-0"]
[WhiteElo "2039"]
[BlackElo "1743"]
[PlyCount "79"]
[EventDate "2011.??.??"]

1. Nc3 c5 2. e4 e6 3. g3 b6 4. Bg2 Bb7 5. Nge2 g6 6. O-O a6 7. d4 d6 8. Be3 Bg7
9. Qd2 Qc7 10. f4 Ne7 11. dxc5 dxc5 12. f5 Nd7 13. fxe6 fxe6 14. Nf4 Nf8 15.
Rad1 Rd8 16. Qf2 Rxd1 17. Nxd1 Nc6 18. Bh3 Nd8 19. Bg2 Nc6 20. Nd3 h6 21. b4
Nh7 22. bxc5 b5 23. Nf4 Qf7 24. Qd2 g5 25. Nd3 Qe7 26. Qe2 Rf8 27. Qh5+ Kd7 28.
N1f2 Qf7 29. Qd1 Kc7 30. a4 Qd7 31. axb5 axb5 32. Qb1 Nd4 33. c4 Ne2+ 34. Kh1
Nc3 35. Qb3 bxc4 36. Qxc4 Qc6 37. Nb4 Qe8 38. c6 Bc8 39. Qc5 Rf7 40. e5 1-0